000 00585nam a2200217Ia 4500
008 101110s9999 xx 000 0 und d
041 _aENGLISH
082 _bSR34762
100 _aYadav B.S. & Singh Pratibha
245 _aDyes : applied component paper - II TYBSC
260 _c2010
_bSheth Publishers, Mumbai
300 _a118
365 _b59
520 _aChemistry
546 _aENGLISH
630 _aDyes : applied component paper - II TYBSC
650 _aChemistry
655 _aChemistry
730 _aDyes : applied component paper - II TYBSC
942 _cBOOK
999 _c827263
_d827260